| 000 | 00497nam a2200157 u 4500 | ||
|---|---|---|---|
| 001 | 000002512 | ||
| 005 | 20200929150213.0 | ||
| 008 | 090702s2006 dr 000 0 spa d | ||
| 020 | _a9789280639520 | ||
| 040 |
_aDO-SdBNP _bspa _cBNPHU |
||
| 082 |
_axxx _bxxx |
||
| 245 | 0 | 3 | _aLogros y perspectivas de género en la educación /. |
| 260 |
_aSanto Domingo : _bFondo de las Naciones Unidas para la Infancia UNICEF, _c2006. |
||
| 300 |
_a100 p. : _bil., retrs, ; _c29 cm. |
||
| 500 | _aTexto a dos columnas | ||
| 999 |
_c2348 _d2348 |
||